Lean and Agile Manufacturing: Theoretical, Practical and Research Futurities (Record no. 327389)
[ view plain ]
| 000 -LEADER | |
|---|---|
| fixed length control field | 00458 a2200133 4500 |
| 001 - CONTROL NUMBER | |
| control field | 92316 |
| 020 ## - INTERNATIONAL STANDARD BOOK NUMBER | |
| International Standard Book Number | 9788120346116 |
| 082 ## - DEWEY DECIMAL CLASSIFICATION NUMBER | |
| Classification number | 658.501 DEV |
| 090 ## - LOCALLY ASSIGNED LC-TYPE CALL NUMBER (OCLC); LOCAL CALL NUMBER (RLIN) | |
| -- | 44271 |
| -- | 44272 |
| 100 ## - MAIN ENTRY--PERSONAL NAME | |
| Personal name | Devadasan,S.R. , Mohan Sivakumar,V. ,Murugesh,R. , Shalij P.R. |
| 245 ## - TITLE STATEMENT | |
| Title | Lean and Agile Manufacturing: Theoretical, Practical and Research Futurities |
| Statement of responsibility, etc. | Devadasan, S. R. ; V. Sivakumar |
| 260 ## - PUBLICATION, DISTRIBUTION, ETC. | |
| Place of publication, distribution, etc. | India |
| Name of publisher, distributor, etc. | PHI Learning (Pvt) Ltd |
| Date of publication, distribution, etc. | 2012 |
| 300 ## - PHYSICAL DESCRIPTION | |
| Extent | xvi, 275p. |
| 942 ## - ADDED ENTRY ELEMENTS (KOHA) | |
| Institution code [OBSOLETE] | CAE NUST |
| Koha item type | |
| Call number prefix | 658.501 DEV |
| Withdrawn status | Lost status | Damaged status | Not for loan | Collection code | Permanent Location | Current Location | Date acquired | Total Checkouts | Full call number | Barcode | Date last seen | Price effective from | Koha item type |
|---|---|---|---|---|---|---|---|---|---|---|---|---|---|
| College of Aeronautical Engineering (CAE) | College of Aeronautical Engineering (CAE) | 04/03/2017 | 658.501 DEV | CAE88592 | 04/05/2017 | 04/05/2017 | Book |
